Fim de Semana na Gorongosa (Registo nº 3905)

Detalhes MARC
000 -Etiqueta do registo
Cabeçalho 00464cam a2200169 4500
005 - Identificador da versão
Campo de controlo 20240813122048.0
100 ## - Dados gerais de processamento
Dados gerais de processamento 20101025d1969 d y0pory5003 ba
102 ## - Pais de publicação ou produção
País de publicação Portugal
101 0# - Língua de publicação
Língua do texto, banda sonora, etc. Português
215 ## - Descrição física 
Indicação específica da natureza do documento e extensão da espécie 175, [5] p. : il., p&b
200 1# - Titulo e menção de responsabilidade
Título próprio Fim de Semana na Gorongosa
Informação de outro título Romance de Aventuras
Primeira menção de responsabilidade Fernanda de Castro
Outras menções de responsabilidade il. Inês Guerreiro
210 ## - Publicação, Distribuição, etc. 
Lugar da edição, distribuição, etc. Lisboa
Nome do editor, distribuidor, etc. Livraria Editora
Data da publicação, distribuição, etc. 1973
700 #1 - Nome de autor-pessoa física (responsabilidade principal)
Número de registo de entrada de autoridade 0000364
Palavra de ordem Castro
Outra parte do nome não tomada para palavra de ordem Fernanda
942 ## - Elementos de entrada adicionados (Koha)
Tipo de item no Koha Livro
Exemplares
Situação do levantamento Origin of item (home branch) (coded) Biblioteca de empréstimo Código de barras Cota Circulation type (not for loan) Tipo de documento Nota do exemplar Damaged status
  Biblioteca Escolar das Vendas Biblioteca Escolar das Vendas BEV247 8POR CAS   Livro Sem mensagem